Prendre la parole en anglais (notice n° 2152087)
[ vue normale ]
| 000 -LEADER | |
|---|---|
| fixed length control field | 01038cam a2200133 4500500 |
| 005 - DATE AND TIME OF LATEST TRANSACTION | |
| control field | 20260405032059.0 |
| 041 ## - LANGUAGE CODE | |
| Language code of text/sound track or separate title | fre |
| 042 ## - AUTHENTICATION CODE | |
| Authentication code | dc |
| 100 10 - MAIN ENTRY--PERSONAL NAME | |
| Personal name | Rossette, Fiona |
| Relator term | author |
| 245 00 - TITLE STATEMENT | |
| Title | Prendre la parole en anglais |
| 260 ## - PUBLICATION, DISTRIBUTION, ETC. | |
| Name of publisher, distributor, etc. | Armand Colin,<br/> |
| Date of publication, distribution, etc. | 2017.<br/> |
| 520 ## - SUMMARY, ETC. | |
| Summary, etc. | Comment s’adresser en anglais à un public qu’il faut persuader ? À partir d’exemples précis, l’auteur montre comment, en fonction des situations de communication, s’articulent les contraintes culturelles (parler comme un Anglo-saxon) et les choix linguistiques (longueur et complexité des phrases, transitions, formes d’adresse et autres formes d’interaction). Elle intègre également l’accompagnement visuel (comme un PowerPoint) et réunit sous forme de boîtes à outils tous les éléments linguistiques à connaître selon les situations. Un ouvrage essentiel pour maîtriser les codes de la communication orale. |
| 856 41 - ELECTRONIC LOCATION AND ACCESS | |
| Uniform Resource Identifier | <a href="https://shs.cairn.info/prendre-la-parole-en-anglais--9782200617448?lang=fr&redirect-ssocas=7080">https://shs.cairn.info/prendre-la-parole-en-anglais--9782200617448?lang=fr&redirect-ssocas=7080</a> |
Pas d'exemplaire disponible.




Réseaux sociaux